Un giovane americano

שמור ב:
מידע ביבליוגרפי
מחבר ראשי: White, Edmund
פורמט: ספר
שפה:שפה לא ידועה
יצא לאור: Torino Einaudi 1990
תגים: הוספת תג
אין תגיות, היה/י הראשונ/ה לתייג את הרשומה!

MARC

LEADER 00000nam a22000007i 4500
001 203
003 NUMERAZIONE-ORIGINALE-BRESCIA
005 20260213123659.0
008 260206s9999 xx 000 0 und d
040 |c BRESCIA 
100 |a White, Edmund 
245 0 |a Un giovane americano 
260 |a Torino  |b Einaudi  |c 1990 
942 |2 ddc  |c BK  |n 0 
952 |0 0  |1 0  |2 ddc  |4 0  |6 31  |7 0  |9 28403  |a BS  |b BS  |d 2026-02-06  |i 203  |l 0  |o 3-1-*  |r 2026-02-06 22:40:34  |w 2026-02-06  |x [REVISIONARE]  |y BK 
999 |c 24084  |d 24084